| 000 | 01032 a2200229 4500 | ||
|---|---|---|---|
| 005 | 20080908170756.0 | ||
| 008 | 080908t xxu||||| |||| 00| 0 hin d | ||
| 010 | _aHIN-79209 | ||
| 020 | _c600.00 | ||
| 035 | _aHN-51555 | ||
| 037 | _bD.B.Act / pub | ||
| 082 | _a954 | ||
| 100 | _aमाथुर, एस.के. | ||
| 245 |
_aप्रतियोगी भारतीय इतिहास _cएस.के.माथुर |
||
| 260 |
_aजयपुर _bरिसर्च पब्लिकेशन्स _c2006 (पु.मु.) |
||
| 270 |
_a89, त्रिपोलिया बाजार _bजयपुर _e2 _k014102318415 |
||
| 300 |
_aभाग-1(vi,359)पृ _c22 सेमी (सजिल्द) |
||
| 490 | _vभाग1 | ||
| 700 | _aशर्मा, के.के. | ||
| 942 |
_adpl _cHN _k954 / माथुर _2ddc _h954 _mमाथुर |
||
| 999 |
_c1364 _d1364 |
||